Detalles MARC
| 000 -CABECERA |
| campo de control de longitud fija |
01328cam a2200409 a 4500 |
| 001 - NÚMERO DE CONTROL |
| campo de control |
001038639 |
| 003 - IDENTIFICADOR DEL NÚMERO DE CONTROL |
| campo de control |
AR-BaBN |
| 005 - FECHA Y HORA DE LA ÚLTIMA TRANSACCIÓN |
| campo de control |
20250704094823.0 |
| 007 - CAMPO FIJO DE DESCRIPCIÓN FÍSICA--INFORMACIÓN GENERAL |
| campo de control de longitud fija |
ta |
| 008 - DATOS DE LONGITUD FIJA--INFORMACIÓN GENERAL |
| campo de control de longitud fija |
060713s2003 ag gr 001 e spa |
| 015 ## - NÚMERO DE BIBLIOGRAFÍA NACIONAL |
| Número de bibliografía nacional |
AR-2003 |
| 020 ## - NÚMERO INTERNACIONAL ESTÁNDAR DEL LIBRO |
| Número Internacional Estándar del Libro |
9789505118878 |
| 020 ## - NÚMERO INTERNACIONAL ESTÁNDAR DEL LIBRO |
| Número Internacional Estándar del Libro |
9505118872 |
| 040 ## - FUENTE DE LA CATALOGACIÓN |
| Centro catalogador/agencia de origen |
AR-BaBN |
| Lengua de catalogación |
|
| Centro/agencia transcriptor |
|
| Normas de descripción |
|
| 041 1# - CÓDIGO DE LENGUA |
| Código de lengua del texto/banda sonora o título independiente |
spa |
| Código de lengua original |
eng |
| 044 ## - CÓDIGO DEL PAÍS DE LA ENTIDAD EDITORA/PRODUCTORA |
| Código MARC del país |
ag |
| Código ISO del país |
ar-c |
| 080 1# - NÚMERO DE LA CLASIFICACIÓN DECIMAL UNIVERSAL |
| Número de la Clasificación Decimal Universal |
616(0:82) |
| Identificador de la edición |
2016 |
| 080 1# - NÚMERO DE LA CLASIFICACIÓN DECIMAL UNIVERSAL |
| Número de la Clasificación Decimal Universal |
616:316.644 |
| Identificador de la edición |
2016 |
| 080 1# - NÚMERO DE LA CLASIFICACIÓN DECIMAL UNIVERSAL |
| Número de la Clasificación Decimal Universal |
82.09 |
| Identificador de la edición |
2016 |
| 100 1# - ENTRADA PRINCIPAL--NOMBRE DE PERSONA |
| Nombre de persona |
Sontag, Susan, |
| Fechas asociadas al nombre |
1933-2004 |
| Término indicativo de función/relación |
autora |
| Código de función/relación |
aut |
| 245 13 - MENCIÓN DE TÍTULO |
| Título |
La enfermedad y sus metáforas ; |
| Resto del título |
El sida y sus metáforas / |
| Mención de responsabilidad, etc. |
Susan Sontag ; traducción de Mario Muchnik. |
| 250 ## - MENCIÓN DE EDICIÓN |
| Mención de edición |
2a ed. |
| 260 ## - PUBLICACIÓN, DISTRIBUCIÓN, ETC. (PIE DE IMPRENTA) |
| Lugar de publicación, distribución, etc. |
Buenos Aires : |
| Nombre del editor, distribuidor, etc. |
Taurus, |
| Fecha de publicación, distribución, etc. |
2003. |
| 300 ## - DESCRIPCIÓN FÍSICA |
| Extensión |
176 p. ; |
| Dimensiones |
22 cm. |
| 500 ## - NOTA GENERAL |
| Nota general |
Título original: Illness as metaphor ; AIDS and its metaphors. |
| 650 #4 - PUNTO DE ACCESO ADICIONAL DE MATERIA--TÉRMINO DE MATERIA |
| Término de materia o nombre geográfico como elemento inicial |
Psicologia |
| Subdivisión general |
En la literatura |
| 650 #4 - PUNTO DE ACCESO ADICIONAL DE MATERIA--TÉRMINO DE MATERIA |
| Término de materia o nombre geográfico como elemento inicial |
Enfermedades |
| Subdivisión general |
Aspectos sociales |
| 655 #4 - TÉRMINO DE INDIZACIÓN--GÉNERO/FORMA |
| Datos o término principal de género/forma |
Ensayo |
| 700 1# - PUNTO DE ACCESO ADICIONAL--NOMBRE DE PERSONA |
| Nombre de persona |
Muchnik, Mario, |
| Fechas asociadas al nombre |
1931-2022 |
| Término indicativo de función/relación |
traductor |
| Código de función/relación |
trl |
| 740 32 - PUNTO DE ACCESO ADICIONAL--TÍTULO RELACIONADO O ANALÍTICO NO CONTROLADO |
| Título relacionado o analítico no controlado |
El sida y sus metáforas |
| 930 #1 - EQUIVALENCIA O REFERENCIA CRUZADA-ENCABEZAMIENTO DE TÍTULO UNIFORME [LOCAL, CANADÁ] |
| Lenguaje de la obra |
BNA01 |
| Medio de interpretación para música |
LIBRO |
| Enlace |
00773348 |
| Enlace entre campo y número de secuencia |
20110912 |
| Fecha de publicación/de la obra |
11 |
| Número de parte o sección de la obra |
000 |
| Mención de arreglo para música |
001038639 |
| 942 ## - ELEMENTOS DE PUNTO DE ACCESO ADICIONAL (KOHA) |
| Fuente del sistema de clasificación o colocación |
Clasificación Decimal Universal |
| Tipo de ítem Koha |
Libros |
| 956 ## - LOCALIZACIÓN Y ACCESO ELECTRÓNICOS LOCAL (OCLC) |
| Nombre del host |
GSL |
| Número de acceso |
00 |
| Información sobre la compresión |
20110916 |
| Proceso de conexión (Logon) |
BNA01 |
| Procesador de la petición |
0246 |
| 956 ## - LOCALIZACIÓN Y ACCESO ELECTRÓNICOS LOCAL (OCLC) |
| Nombre del host |
GSL |
| Información sobre la compresión |
20130614 |
| Proceso de conexión (Logon) |
BNA01 |
| Procesador de la petición |
2347 |
| 956 ## - LOCALIZACIÓN Y ACCESO ELECTRÓNICOS LOCAL (OCLC) |
| Nombre del host |
KRODRIGUEZ |
| Número de acceso |
20 |
| Información sobre la compresión |
20211012 |
| Proceso de conexión (Logon) |
BNA01 |
| Procesador de la petición |
1713 |
| 956 ## - LOCALIZACIÓN Y ACCESO ELECTRÓNICOS LOCAL (OCLC) |
| Nombre del host |
BATCH-UPD |
| Número de acceso |
20 |
| Información sobre la compresión |
20220328 |
| Proceso de conexión (Logon) |
BNA01 |
| Procesador de la petición |
1553 |